Press on : principles of interaction programming

Saved in:
Bibliographic Details
Main Author: Thimbleby, Harold
Format: Book
Language:English
Published: Cambridge, Mass. : MIT Press, 2007
Subjects:
Tags: Add Tag
No Tags, Be the first to tag this record!

MARC

LEADER 00000nam a2200000 i 4500
001 1/82035
008 080411s2007 eng d
020 |a 978-0-262-20170-4 
020 |a 0-262-20170-4 
035 |l 10096578 
040 |a GR-MY-UA  |b gre  |e aacr 
041 0 |a eng 
082 0 |a 005.1  |2 (22) 
100 1 |a Thimbleby, Harold. 
245 1 0 |a Press on :  |b principles of interaction programming /  |c Harold Thimbleby 
260 |a Cambridge, Mass. :   |b MIT Press,   |c 2007 
300 |a xvii, 510 σ.;  |b εικ.;  |c 24 εκ. 
504 |a Περιέχει βιβλιογραφικές παραπομπές και ευρετήριο 
650 0 0 |a Computer programming. 
650 0 0 |a Human-computer interaction. 
852 |a INST  |b LESVOS  |e 20080411  |h 005.1 THI  |p 005100039589  |q 005100039589  |t BK  |y 0 
901 |a BIBL1-2008-1 
909 |a Λ  |b 152081 
922 |a 1ΕΛΗ  |b 200803  |c ΕΠΕΑΕΚ2/ΠΤΕ  |d ΕΛΕΥΘΕΡΟΥΔΑΚΗΣ 
970 |a ΚΑΡΑ  |b ΓΙΑΣΕΜΗ  |z 2008/04/11